000 00356nam a2200145Ia 4500
005 20251222152005.0
008 251222s9999||||xx |||||||||||||| ||spa||
020 _a9682411696
082 _a658.1/T37/Ej.2
100 _aTen Brike, Jenk W.
245 0 _aAdministración de Empresas Agropecuarias
250 _a1ra.ed.
264 _bTrillas
942 _cLIB
999 _c24680
_d24680